House buyers' preference of housing delivery methods : The choice between build then sell or sell then build

Bibliographic Details
Main Author: Mohd Wira Mohd Shafiei
Other Authors: Ilias Said, Nor'aini Yusof, Shardy Abdullah
Format: Book
Language:English
Published: 2013
Subjects:

MARC

LEADER 00000cam a2200000 7i4500
001 0000024968
005 20131113.0
008 131112 my a eng
040 |a INS 
090 0 0 |a Research269 
100 1 |a Mohd Wira Mohd Shafiei 
245 1 0 |a House buyers' preference of housing delivery methods : The choice between build then sell or sell then build   |c Mohd Wira Mohd Shafiei, Nor'aini Yusof, Ilias Said, Shardy Abdullah 
260 |c 2013 
300 |a xii, 60p. ;   |c 30 cm. 
650 0 |a House buying   |z Malaysia 
700 1 |a Ilias Said 
700 1 |a Nor'aini Yusof 
700 1 |a Shardy Abdullah 
999 |a RES0000393   |b BOOK   |c Research By JPPH Staff   |e Default branch